| 000 | 00407nam a2200169Ia 4500 | ||
|---|---|---|---|
| 001 | 24103 | ||
| 005 | 20260414151021.0 | ||
| 008 | 260414t2008||||xx |||||||||||||| ||spa|| | ||
| 041 | _aESP | ||
| 082 |
_a780.8985 _bV47A |
||
| 100 |
_aVera Béjar, Augusto _eAUT |
||
| 245 | 0 |
_aEl vals arequipeño : _bescrito en pentagrama |
|
| 260 | _c2008 | ||
| 650 | _aABD | ||
| 654 | _aCAU | ||
| 942 |
_cLIB _dJUS _fJUS _2ddc _n |
||
| 999 |
_c24103 _d24103 |
||